| 000 | 00409nam a2200157Ia 4500 | ||
|---|---|---|---|
| 008 | 210210b2006 xxu||||| |||| 00| 0 eng d | ||
| 020 | _a81 8376 059 7 | ||
| 082 | _a376 GULW | ||
| 100 | _aGULATI (Sheela). | ||
| 245 | _aWomen education in 21st century. | ||
| 260 |
_aJaipur _bABD Publishers _c2006 |
||
| 300 | _aviii,236 | ||
| 650 | _aWomen Woman Education | ||
| 690 | _aWomen Education | ||
| 906 | _a061508 | ||
| 999 |
_c108438 _d108438 |
||